The criminal appeal reports 1988 Vol.86 (Record no. 4872)

MARC details
000 -LEADER
fixed length control field 02373cas a2200565 a 4500
001 - CONTROL NUMBER
control field 11199122
003 - CONTROL NUMBER IDENTIFIER
control field OSt
005 - DATE AND TIME OF LATEST TRANSACTION
control field 20120109104531.0
008 - FIXED-LENGTH DATA ELEMENTS--GENERAL INFORMATION
fixed length control field 761213c19099999enk x w 0 a0eng
010 ## - LIBRARY OF CONGRESS CONTROL NUMBER
LC control number 76642353
022 ## - INTERNATIONAL STANDARD SERIAL NUMBER
International Standard Serial Number 0070-1521
035 ## - SYSTEM CONTROL NUMBER
System control number (OCoLC)ocm02617568
037 ## - SOURCE OF ACQUISITION
Source of stock number/acquisition Sweet & Maxwell Ltd, FREEPOST, Andover, Hants, SP10 5BR
040 ## - CATALOGING SOURCE
Original cataloging agency DDC
Transcribing agency DLC
Modifying agency NST
-- DLC
-- MH
-- DLC
-- MH-L
-- DLC
-- MH
-- CaQMU
-- OCoLC
042 ## - AUTHENTICATION CODE
Authentication code pcc
043 ## - GEOGRAPHIC AREA CODE
Geographic area code e-uk---
050 00 - LIBRARY OF CONGRESS CALL NUMBER
Classification number KD7865.A2
Item number C7
082 #4 - DEWEY DECIMAL CLASSIFICATION NUMBER
Classification number 348.41/CRI
245 04 - TITLE STATEMENT
Title The criminal appeal reports 1988 Vol.86
246 3# - VARYING FORM OF TITLE
Title proper/short title Cr.App.R.
260 ## - PUBLICATION, DISTRIBUTION, ETC. (IMPRINT)
Place of publication, distribution, etc London :
Name of publisher, distributor, etc Sweet & Maxwell,
300 ## - PHYSICAL DESCRIPTION
Extent v. ;
Dimensions 25 cm.
310 ## - CURRENT PUBLICATION FREQUENCY
Current publication frequency Irregular
362 1# - DATES OF PUBLICATION AND/OR SEQUENTIAL DESIGNATION
Dates of publication and/or sequential designation Began with v. 2 in 1909.
500 ## - GENERAL NOTE
General note At head of title: Law reports.
500 ## - GENERAL NOTE
General note Description based on: Vol. 15 (Mar. 8, 1920 to June 6, 1921).
515 ## - NUMBERING PECULIARITIES NOTE
Numbering peculiarities note Issues for <1989, pt. 2>-1994 cited as <88> CrAppR-99 CrAppR; issues for 1995- cited as [1995]1 Cr.App.R.-
515 ## - NUMBERING PECULIARITIES NOTE
Numbering peculiarities note Issued in parts.
550 ## - ISSUING BODY NOTE
Issuing body note Vols. for 1909-1966 report cases in the Court of Criminal Appeal; 1967- in the Criminal Division of the Court of Appeal and other courts
580 ## - LINKING ENTRY COMPLEXITY NOTE
Linking entry complexity note Complemented by: Great Britain. Court of Appeal. Criminal appeal reports. Sentencing.
590 ## - LOCAL NOTE (RLIN)
Local note SERBIB/SERLOC merged record
650 #0 - SUBJECT ADDED ENTRY--TOPICAL TERM
Topical term or geographic name as entry element Criminal law
Geographic subdivision Great Britain
Form subdivision Cases.
9 (RLIN) 5985
650 #6 - SUBJECT ADDED ENTRY--TOPICAL TERM
Topical term or geographic name as entry element Droit pénal
Geographic subdivision Grande-Bretagne
Form subdivision Jurisprudence
-- Périodiques.
9 (RLIN) 5986
710 1# - ADDED ENTRY--CORPORATE NAME
Corporate name or jurisdiction name as entry element Great Britain.
Subordinate unit Court of Criminal Appeal.
9 (RLIN) 5987
710 1# - ADDED ENTRY--CORPORATE NAME
Corporate name or jurisdiction name as entry element Great Britain.
Subordinate unit Court of Appeal.
-- Criminal Division.
9 (RLIN) 5988
780 00 - PRECEDING ENTRY
Title Criminal appeal cases
Record control number (OCoLC)1751433
787 1# - NONSPECIFIC RELATIONSHIP ENTRY
Main entry heading Great Britain. Court of Appeal.
Title Criminal appeal reports. Sentencing
Record control number (DLC) 93660986
-- (OCoLC)6780592
906 ## - LOCAL DATA ELEMENT F, LDF (RLIN)
a 7
b cbc
c serials
d 4
e ncip
f 19
g n-oclcserc
936 ## - OCLC/CONSER MISCELLANEOUS DATA (OCLC); PIECE USED FOR CATALOGING (pre-AACR2) (RLIN)
OCLC control number(s) of parallel record(s) (OCLC); Piece used for cataloging, PUC (RLIN) AACR2=HUL
942 ## - ADDED ENTRY ELEMENTS (KOHA)
Source of classification or shelving scheme Dewey Decimal Classification
Koha item type Law Reports
Holdings
Withdrawn status Lost status Source of classification or shelving scheme Damaged status Not for loan Home library Current library Shelving location Date acquired Total Checkouts Full call number Barcode Date last seen Price effective from Koha item type
    Dewey Decimal Classification     Law Development Centre Main Library Law Development Centre Main Library Law Reports 01/09/2012   348.41/CRI 3386/2012 01/09/2012 01/09/2012 Law Reports